Loading...

Managind transition : the HRD response

Bibliographic Details
Main Author: Rupande Padaki
Other Authors: Udai preek
Format: Printed Book
Language:Undetermined
English
Published: New Delhi Tata Mc Graw -Hill Publishing Company Limited 1992
Subjects:
LEADER 00706nam a2200217Ia 4500
008 140306s9999 xx 000 0 und d
020 |a 0074623184 
041 |a eng 
082 |a 658.3  |b UDA/MA 
100 |a Rupande Padaki 
245 |a Managind transition : the HRD response 
260 |a New Delhi  |b Tata Mc Graw -Hill Publishing Company Limited  |c 1992 
300 |a 293 
365 |b Rs.360 
650 |a Human resource management 
650 |a Personnel management 
650 |a Quality management 
700 |a Udai preek 
942 |2 ddc  |c BK 
999 |c 179189  |d 179189 
952 |0 0  |1 0  |2 ddc  |4 0  |6 658_300000000000000_UDA_MA  |7 0  |9 184311  |a KAUCBV  |b KAUCBV  |d 2004-03-02  |g 360.00  |o 658.3 UDA/MA  |r 2014-03-22  |w 2014-03-22  |y BK